000 00944nam a2200289 i 4500
001 77595
003 ES-MaACL
005 20230906173306.0
007 t|
008 041025s2003 sp ||||1| spa d
020 _a84-96136-31-0
080 _a291.37:32(430)(038)
080 _a329.18(430)(038)
100 1 _aSala, Rosa.
_9101656
245 1 0 _aDiccionario crítico de mitos y símbolos del nazismo /
_cRosa Sala Rose ; presentación de Rafael Argullol.
250 _a1ª ed.
260 _aBarcelona :
_bAcantilado,
_c2003.
300 _a509 p. :
_bil. ;
_c21 cm.
490 1 _aAcantilado ;
_v82
504 _aBibliografía: p. 483-496.
650 1 4 _aPolítica-
_xAspectos simbólicos-
_zAlemania-
_vDiccionarios.
_916268
650 4 _aNacionalsocialismo-
_vDiccionarios.
_915471
700 1 _aArgullol, Rafael.
_922731
830 0 _aAcantilado ;
_v82
_9182222
852 _aES-MaACL
_jL-28344
_bR.134168
999 _c77595
_d77595